000 00414nam a2200157 4500
001 108325
003 ES-MaACL
005 20230906184625.0
007 t|
008 061121s1972 sp r ||||1| spa d
100 1 _aMontero, Isaac.
_982479
245 1 0 _aDocumentos secretos /
_cIsaac Montero.
260 _a[Madrid] :
_bAl-borak,
_c[1972]
300 _a293 p. ;
_c21 cm.
852 _aES-MaACL
_jC-48414
_bR.84711
999 _c108325
_d108325